[Event "Voronezh op 16th"]
[Site "Voronezh"]
[Date "2012.06.20"]
[Round "8"]
[White "Koba, Igor"]
[Black "Samojlov, Anton"]
[Result "0-1"]
[WhiteElo "2203"]
[BlackElo "2290"]
[PlyCount "80"]
[EventDate "2012.06.12"]
[EventType "swiss"]
[EventRounds "9"]
[EventCountry "RUS"]
[SourceTitle "CBM 149 Extra"]
[Source "ChessBase"]
[SourceDate "2012.08.24"]
[SourceVersion "1"]
[SourceVersionDate "2012.08.24"]
[SourceQuality "1"]

1. e4 c5 2. Nf3 d6 3. Bb5+ Bd7 4. Bxd7+ Qxd7 5. 0-0 Nf6 6. Re1 Nc6 7. c3 e6 8. d4 cxd4 9. cxd4 d5 10. e5 Ne4 11. Nbd2 Nxd2 12. Bxd2 Be7 13. Bc3 Rc8 14. Qd2 0-0 15. Rac1 Qd8 16. Rc2 b5 17. b3 Ba3 18. Bb2 Bxb2 19. Rxb2 Qa5 20. Qxa5 Nxa5 21. Kf1 Rc7 22. Ke2 Rfc8 23. Rd1 Nc6 24. Rdd2 f6 25. exf6 gxf6 26. Ne1 a5 27. Nc2 b4 28. Ne3 Na7 29. Rbc2 Nb5 30. Rxc7 Rxc7 31. f4 Rc1 32. f5 Kf7 33. Kd3 Nc3 34. fxe6+ Kxe6 35. g4 Ra1 36. a4 Ra3 37. Kc2 Nxa4 38. Nf5 Nc3 39. h4 Ra1 40. Rg2 Ra2+ 0-1

[Event "Voronezh op 16th"]
[Site "Voronezh"]
[Date "2012.06.18"]
[Round "6"]
[White "Gusarov, Grigory"]
[Black "Koba, Igor"]
[Result "1/2-1/2"]
[WhiteElo "2349"]
[BlackElo "2203"]
[PlyCount "80"]
[EventDate "2012.06.12"]
[EventType "swiss"]
[EventRounds "9"]
[EventCountry "RUS"]
[SourceTitle "CBM 149 Extra"]
[Source "ChessBase"]
[SourceDate "2012.08.24"]
[SourceVersion "1"]
[SourceVersionDate "2012.08.24"]
[SourceQuality "1"]

1. d4 Nf6 2. Nf3 g6 3. c4 Bg7 4. Nc3 0-0 5. g3 d6 6. Bg2 Nbd7 7. 0-0 e5 8. e4 c6 9. Re1 Qb6 10. Na4 Qc7 11. c5 dxc5 12. dxc5 Rd8 13. Qc2 Nf8 14. h3 Ne6 15. Be3 Nh5 16. Rad1 Bd7 17. Bf1 Be8 18. Bc4 Qe7 19. Kh2 Rxd1 20. Rxd1 Rd8 21. Bxe6 Rxd1 22. Bxf7+ Qxf7 23. Qxd1 Qxa2 24. Qd8 Nf6 25. Bg5 Qe6 26. Nc3 h6 27. Bxf6 Bxf6 28. Qb8 Qe7 29. Qxa7 Bf7 30. Kg2 Kg7 31. Qb6 Qd7 32. Qb4 Be6 33. g4 Kh7 34. Ng1 h5 35. gxh5 gxh5 36. Nce2 h4 37. Qc3 Qg7+ 38. Kf1 Qg5 39. Qb4 Qg7 40. Qc3 Qg5 1/2-1/2

[Event "Voronezh op-B 13th"]
[Site "Voronezh"]
[Date "2009.06.13"]
[Round "2"]
[White "Lomakina, Galja"]
[Black "Koba, Igor"]
[Result "1/2-1/2"]
[WhiteElo "2089"]
[BlackElo "2239"]
[PlyCount "82"]
[EventDate "2009.06.12"]
[EventType "swiss"]
[EventRounds "9"]
[EventCountry "RUS"]
[SourceTitle "CBM 130 Extra"]
[Source "ChessBase"]
[SourceDate "2009.07.02"]
[SourceVersion "2"]
[SourceVersionDate "2009.07.15"]
[SourceQuality "1"]

1. Nf3 Nf6 2. g3 g6 3. Bg2 Bg7 4. 0-0 0-0 5. d3 d6 6. c4 e5 7. Nc3 Nc6 8. Rb1 a5 9. a3 h6 10. b4 axb4 11. axb4 Re8 12. b5 Nd4 13. Ne1 Nh5 14. e3 Ne6 15. e4 c6 16. bxc6 bxc6 17. Be3 Qa5 18. Qd2 Nhf4 19. gxf4 exf4 20. Bb6 Qxc3 21. Qxc3 Bxc3 22. e5 Bd7 23. exd6 Reb8 24. Nf3 Rb7 25. d4 Rab8 26. Ne5 Bxd4 27. Nxd7 Rxd7 28. Bxd4 Rxb1 29. Rxb1 Nxd4 30. c5 f3 31. Bf1 Ne6 32. Rc1 Ra7 33. Bd3 Ra5 34. Be4 Rxc5 35. Rxc5 Nxc5 36. Bxc6 Kf8 37. Bxf3 Nd3 38. Kf1 Ne5 39. Be2 f5 40. Bb5 Nf7 41. d7 Ke7 1/2-1/2

[Event "SZFO-ch"]
[Site "St Petersburg"]
[Date "2009.03.23"]
[Round "1"]
[White "Rakhmanov, Alexander"]
[Black "Koba, Igor"]
[Result "1-0"]
[WhiteElo "2543"]
[BlackElo "2239"]
[PlyCount "90"]
[EventDate "2009.03.23"]
[EventType "swiss"]
[EventRounds "9"]
[EventCountry "RUS"]
[SourceTitle "EXT 2010"]
[Source "ChessBase"]
[SourceDate "2010.11.25"]
[SourceVersion "1"]
[SourceVersionDate "2010.11.25"]
[SourceQuality "1"]

1. d4 Nf6 2. c4 e5 3. e3 exd4 4. exd4 d5 5. Nc3 Be7 6. h3 0-0 7. Nf3 Nc6 8. Be2 dxc4 9. Bxc4 Nb4 10. 0-0 c6 11. Bg5 Nbd5 12. Re1 Be6 13. Bd3 Qa5 14. Bd2 Rae8 15. a3 Qd8 16. Qc2 h6 17. Rad1 Bd6 18. Ne5 Nd7 19. Bc1 Qb8 20. f4 Nxc3 21. bxc3 Nxe5 22. fxe5 Be7 23. Qe2 f5 24. Qh5 Bg5 25. Bxg5 hxg5 26. Qxg5 Qd8 27. Qh5 Qe7 28. g4 Bf7 29. Qxf5 Qh4 30. Qf2 Qxh3 31. Qg2 Qh4 32. Re3 Be6 33. Rh3 Qg5 34. Bh7+ Kf7 35. Bf5 Ke7 36. Bxe6 Kxe6 37. d5+ Kd7 38. dxc6+ Kc8 39. cxb7+ Kb8 40. e6 Rxe6 41. Qg3+ Qe5 42. Rd7 Qxg3+ 43. Rxg3 g6 44. Rgd3 Rb6 45. Kg2 Rxb7 1-0

[Event "Kostroma Volga Cup op"]
[Site "Kostroma"]
[Date "2008.07.??"]
[Round "3"]
[White "Gubajdullin, Alexey"]
[Black "Koba, Igor"]
[Result "1-0"]
[WhiteElo "2441"]
[BlackElo "2242"]
[PlyCount "87"]
[EventDate "2008.07.??"]
[EventType "swiss"]
[EventRounds "9"]
[EventCountry "RUS"]
[SourceTitle "EXT 2009"]
[Source "ChessBase"]
[SourceDate "2008.11.26"]
[SourceVersion "1"]
[SourceVersionDate "2008.11.26"]
[SourceQuality "1"]

1. Nf3 Nf6 2. c4 g6 3. b4 Bg7 4. Bb2 0-0 5. g3 d6 6. Bg2 e5 7. 0-0 Nc6 8. b5 Ne7 9. Nc3 Nd7 10. d3 f5 11. Nd2 Nc5 12. a4 a5 13. Nb3 Kh8 14. Ba3 Nxb3 15. Qxb3 c6 16. bxc6 bxc6 17. Rab1 Ra6 18. Qb8 c5 19. Bb7 Nc6 20. Qxc8 Qxc8 21. Bxc8 Rxc8 22. Rb7 Bf6 23. Rfb1 Nb4 24. Nb5 Kg8 25. h4 h5 26. Bc1 Rf8 27. Bh6 Rf7 28. Rb8+ Kh7 29. Rf8 Rd7 30. Bg5 Bxg5 31. hxg5 Kg7 32. Rf6 Rb6 33. Rd1 Rc6 34. Rd2 Kh7 35. e4 Kg7 36. f4 exf4 37. gxf4 Rf7 38. Nxd6 Rxf6 39. Ne8+ Kf7 40. Nxf6 Rb6 41. exf5 Nc6 42. fxg6+ Kxg6 43. Rf2 Nd4 44. Nd7 1-0

[Event "Kostroma Volga Cup op"]
[Site "Kostroma"]
[Date "2008.07.??"]
[Round "7"]
[White "Konovalov, Viatcheslav"]
[Black "Koba, Igor"]
[Result "1/2-1/2"]
[WhiteElo "2068"]
[BlackElo "2242"]
[PlyCount "80"]
[EventDate "2008.07.??"]
[EventType "swiss"]
[EventRounds "9"]
[EventCountry "RUS"]
[SourceTitle "EXT 2009"]
[Source "ChessBase"]
[SourceDate "2008.11.26"]
[SourceVersion "1"]
[SourceVersionDate "2008.11.26"]
[SourceQuality "1"]

1. d4 Nf6 2. Nf3 g6 3. Nbd2 c5 4. e3 b6 5. c3 Bb7 6. Bd3 Bg7 7. 0-0 0-0 8. Re1 d5 9. Ne5 Nbd7 10. Ndf3 Nxe5 11. Nxe5 Nd7 12. Nf3 e5 13. dxe5 Nxe5 14. Nxe5 Bxe5 15. Qf3 Qc7 16. e4 dxe4 17. Bxe4 Bxe4 18. Rxe4 Bxh2+ 19. Kh1 Be5 20. Qh3 f5 21. Re2 Rfe8 22. Bg5 Bg7 23. Rae1 Qf7 24. Re7 Qf8 25. Qh4 Rxe7 26. Rxe7 Re8 27. Qc4+ Kh8 28. Rxa7 Qd6 29. Be3 Qd1+ 30. Kh2 Qh5+ 31. Kg1 Be5 32. g3 Rf8 33. Qd5 Bg7 34. Qb7 Rg8 35. Qxb6 Qd1+ 36. Kh2 f4 37. Bxf4 Qh5+ 38. Kg1 Qd1+ 39. Kh2 Qh5+ 40. Kg1 Qd1+ 1/2-1/2

[Event "Kostroma Volga Cup op"]
[Site "Kostroma"]
[Date "2008.07.??"]
[Round "9"]
[White "Shulakova, Svetlana"]
[Black "Koba, Igor"]
[Result "0-1"]
[WhiteElo "2158"]
[BlackElo "2242"]
[PlyCount "60"]
[EventDate "2008.07.??"]
[EventType "swiss"]
[EventRounds "9"]
[EventCountry "RUS"]
[SourceTitle "EXT 2009"]
[Source "ChessBase"]
[SourceDate "2008.11.26"]
[SourceVersion "1"]
[SourceVersionDate "2008.11.26"]
[SourceQuality "1"]

1. d4 Nf6 2. c4 e5 3. dxe5 Ng4 4. Bf4 Bb4+ 5. Nd2 d6 6. a3 dxe5 7. Bg3 Bxd2+ 8. Qxd2 Qxd2+ 9. Kxd2 Nc6 10. e3 f6 11. Bd3 Be6 12. Ne2 0-0-0 13. Kc2 h5 14. h3 Nh6 15. f3 Nf5 16. Bf2 Na5 17. Bxf5 Bxf5+ 18. e4 Nxc4 19. Rad1 Be6 20. Nc1 b6 21. Nb3 c5 22. a4 a5 23. Nc1 Nd6 24. b3 Kc7 25. Ne2 Nc8 26. Nc3 Na7 27. Rhe1 Nc6 28. Nb5+ Kb8 29. Bg3 h4 30. Bf2 g5 0-1

[Event "Northwest FR-ch"]
[Site "St Petersburg"]
[Date "2008.03.28"]
[Round "9"]
[White "Zasypkin, Alexey"]
[Black "Koba, Igor"]
[Result "0-1"]
[WhiteElo "2187"]
[BlackElo "2225"]
[PlyCount "106"]
[EventDate "2008.03.21"]
[EventType "swiss"]
[EventRounds "9"]
[EventCountry "RUS"]
[SourceTitle "EXT 2022"]
[Source "ChessBase"]
[SourceDate "2021.10.06"]
[SourceVersion "1"]
[SourceVersionDate "2021.10.06"]
[SourceQuality "1"]

1. d4 Nf6 2. Nf3 c5 3. d5 e6 4. c4 b5 5. dxe6 fxe6 6. cxb5 d5 7. e3 Nbd7 8. Nc3 Bd6 9. Be2 Bb7 10. 0-0 0-0 11. h3 Qe7 12. Qc2 e5 13. e4 d4 14. Bc4+ Kh8 15. Nd5 Nxd5 16. Bxd5 Bxd5 17. exd5 e4 18. Ng5 d3 19. Qc4 Qe5 20. g3 Rae8 21. f4 Qd4+ 22. Qxd4 cxd4 23. Ne6 Rf5 24. Re1 Rxd5 25. Rxe4 Nf6 26. Re1 Bb4 27. Re5 Rxe5 28. fxe5 Rxe6 29. exf6 gxf6 30. Bf4 d2 31. Kf2 Re1 32. Bxd2 Rxa1 33. Bxb4 Rxa2 34. Ba3 Kg7 35. Ke2 Ra1 36. Kd3 Rd1+ 37. Kc2 Rg1 38. Bc5 Rg2+ 39. Kc1 Rxg3 40. Bxa7 Rb3 41. Bxd4 Rxb5 42. Bf2 Rb3 43. h4 Rf3 44. Be1 Kf7 45. b4 Ke6 46. Kd2 Kd5 47. Ke2 Rb3 48. Kf2 Ke4 49. Kg2 Rb2+ 50. Kg1 Rb1 51. Kf2 h5 52. Bc3 Rb3 53. Ba1 Ra3 0-1

[Event "Rybinsk op"]
[Site "Rybinsk"]
[Date "2007.06.27"]
[Round "4"]
[White "Koba, Igor"]
[Black "Ptushkina, Alena"]
[Result "1-0"]
[WhiteElo "2225"]
[BlackElo "1925"]
[PlyCount "125"]
[EventDate "2007.06.25"]
[EventType "swiss"]
[EventRounds "9"]
[EventCountry "RUS"]
[SourceTitle "EXT 2022"]
[Source "ChessBase"]
[SourceDate "2021.10.06"]
[SourceVersion "1"]
[SourceVersionDate "2021.10.06"]
[SourceQuality "1"]

1. e4 e5 2. Nf3 Nc6 3. Bb5 a6 4. Ba4 Bc5 5. c3 Nf6 6. Qe2 0-0 7. 0-0 b5 8. Bb3 d6 9. h3 h6 10. Rd1 Re8 11. d3 Be6 12. Bc2 Bb6 13. Nbd2 a5 14. Nf1 d5 15. Ng3 d4 16. Bb3 b4 17. Bxe6 Rxe6 18. c4 a4 19. Nf5 b3 20. a3 Bc5 21. g4 Nh7 22. Kg2 Ng5 23. Nh2 Bf8 24. h4 Nh7 25. Nf3 Rg6 26. Kh3 Re6 27. Bd2 Ne7 28. Rg1 Ng6 29. h5 Ne7 30. Rg3 Nc6 31. Kg2 Ng5 32. Rh1 f6 33. N3h4 Ne7 34. Bxg5 fxg5 35. Nxe7+ Bxe7 36. Nf5 Rb8 37. Rf3 Reb6 38. Ra1 Rf6 39. Ng3 Rxf3 40. Qxf3 Qf8 41. Qf5 Qxf5 42. exf5 Kf7 43. Kf3 Rd8 44. c5 Bxc5 45. Rc1 Bd6 46. Rc4 Ra8 47. Ne4 Ra7 48. Nd2 Rb7 49. Rxa4 Ke7 50. Ra5 Rb6 51. Ke4 Kf6 52. Kd5 Rb8 53. Ne4+ Ke7 54. Nxd6 cxd6 55. Ra7+ Kf8 56. f3 Rc8 57. Rb7 Rc2 58. Rxb3 Rf2 59. a4 Rxf3 60. a5 Rf1 61. a6 Rc1 62. a7 Rc8 63. Rb8 1-0

[Event "Rybinsk op"]
[Site "Rybinsk"]
[Date "2007.06.26"]
[Round "3"]
[White "Arakelov, Ilya Sergeevich"]
[Black "Koba, Igor"]
[Result "1-0"]
[WhiteElo "2398"]
[BlackElo "2225"]
[PlyCount "77"]
[EventDate "2007.06.25"]
[EventType "swiss"]
[EventRounds "9"]
[EventCountry "RUS"]
[SourceTitle "EXT 2022"]
[Source "ChessBase"]
[SourceDate "2021.10.06"]
[SourceVersion "1"]
[SourceVersionDate "2021.10.06"]
[SourceQuality "1"]

1. d4 Nf6 2. Nf3 g6 3. c4 Bg7 4. Nc3 0-0 5. e4 d6 6. Be2 e5 7. 0-0 Na6 8. d5 Nc5 9. Qc2 a5 10. Bg5 h6 11. Be3 b6 12. Nd2 Ng4 13. Bxg4 Bxg4 14. a3 Na6 15. Rab1 Bd7 16. b4 axb4 17. axb4 f5 18. f3 f4 19. Bf2 Bf6 20. Kh1 Be7 21. Ne2 g5 22. Qc3 h5 23. Ra1 g4 24. Ra3 Bh4 25. Bg1 g3 26. Rfa1 Rf7 27. Qc1 gxh2 28. Bxh2 Bf2 29. Rxa6 Rxa6 30. Rxa6 h4 31. Ng1 Be3 32. Ra2 h3 33. Nxh3 Rh7 34. Qf1 Qc8 35. Nb3 Rh5 36. Qa1 Be8 37. Nd2 Bd4 38. Ra8 Qd7 39. Qa6 1-0

[Event "Voronezh op-B 11th"]
[Site "Voronezh"]
[Date "2007.06.13"]
[Round "2"]
[White "Bykov, Alexey1111"]
[Black "Koba, Igor"]
[Result "0-1"]
[WhiteElo "2093"]
[BlackElo "2225"]
[PlyCount "68"]
[EventDate "2007.06.12"]
[EventType "swiss"]
[EventRounds "9"]
[EventCountry "RUS"]
[SourceTitle "EXT 2010"]
[Source "ChessBase"]
[SourceDate "2010.11.25"]
[SourceVersion "1"]
[SourceVersionDate "2010.11.25"]
[SourceQuality "1"]

1. c4 e5 2. Nc3 Nf6 3. Nf3 Nc6 4. g3 d5 5. cxd5 Nxd5 6. Bg2 Nb6 7. 0-0 Be7 8. b3 0-0 9. Bb2 f5 10. d3 Bf6 11. Nd2 Be6 12. Nc4 Nxc4 13. bxc4 Ne7 14. Rb1 c6 15. Qc2 Qa5 16. Na4 Rad8 17. Bc3 Qc7 18. Nc5 Bc8 19. a4 b6 20. Nb3 c5 21. a5 Bd7 22. axb6 axb6 23. Nd2 Bc6 24. Rb3 Ba4 25. Qb2 Bxb3 26. Qxb3 Nc6 27. Rb1 Rb8 28. e3 Rfd8 29. Bf1 Rd6 30. Qb2 Qd7 31. Rd1 e4 32. Bxf6 gxf6 33. d4 cxd4 34. exd4 Rxd4 0-1

[Event "Rybinsk op"]
[Site "Rybinsk"]
[Date "2006.06.24"]
[Round "4"]
[White "Koba, Igor"]
[Black "Masalov, Andrey"]
[Result "0-1"]
[WhiteElo "2219"]
[BlackElo "2222"]
[PlyCount "138"]
[EventDate "2006.06.21"]
[EventType "swiss"]
[EventRounds "9"]
[EventCountry "RUS"]
[SourceTitle "EXT 2008"]
[Source "ChessBase"]
[SourceDate "2007.11.25"]
[SourceVersion "1"]
[SourceVersionDate "2007.11.25"]
[SourceQuality "1"]

1. e4 g6 2. d4 Bg7 3. Nc3 d6 4. Be3 Nf6 5. f3 c6 6. Qd2 b5 7. g4 h5 8. g5 Nh7 9. f4 a6 10. Nf3 0-0 11. Be2 d5 12. a3 Bg4 13. h3 Bxf3 14. Bxf3 dxe4 15. Bxe4 e6 16. 0-0 Qd6 17. Qg2 Bxd4 18. Bxd4 Qxd4+ 19. Kh1 Qc5 20. Rad1 Ra7 21. Rd3 Rc7 22. Rfd1 Qe7 23. Rd6 Rfc8 24. h4 c5 25. Bf3 Rd7 26. Rxd7 Nxd7 27. Bb7 Rb8 28. Bxa6 b4 29. Ne4 Nb6 30. Qf2 bxa3 31. bxa3 Qa7 32. Bf1 Qxa3 33. Rb1 Qa8 34. Bg2 Nd5 35. Rf1 Qa3 36. Re1 c4 37. Ng3 Qd6 38. f5 exf5 39. Rd1 Qf4 40. Qxf4 Nxf4 41. Bf1 c3 42. Rd4 Ne6 43. Rc4 Nhf8 44. Rxc3 Nd7 45. Rb3 Rc8 46. c4 Ndc5 47. Rb1 Rd8 48. Ne2 Rd2 49. Ra1 Ne4 50. Kg1 f4 51. Ra3 Rd1 52. Nc3 Nxc3 53. Rxc3 Nc5 54. Kg2 Kf8 55. Be2 Rd4 56. Bf3 Rd2+ 57. Kf1 Ke7 58. Bd5 Nd7 59. Rf3 Rd4 60. Ra3 Ne5 61. Ra7+ Kf8 62. Kf2 f3 63. Kg3 Rg4+ 64. Kf2 Rf4 65. Ra8+ Kg7 66. Ra1 Rxh4 67. c5 Rd4 68. Bb3 Rd3 69. Bd1 Ng4+ 0-1

[Event "Voronezh op 3rd"]
[Site "Voronezh"]
[Date "1999.06.15"]
[Round "4"]
[White "Koba, Igor"]
[Black "Losev, Dmitry"]
[Result "0-1"]
[WhiteElo "2250"]
[BlackElo "2345"]
[PlyCount "90"]
[EventDate "1999.06.??"]
[EventType "swiss"]
[EventRounds "9"]
[EventCountry "RUS"]
[SourceTitle "EXT 2000"]
[Source "ChessBase"]
[SourceDate "1999.11.16"]
[SourceVersion "1"]
[SourceVersionDate "1999.11.16"]
[SourceQuality "1"]

1. e4 c5 2. Nf3 d6 3. Bb5+ Nd7 4. c3 Ngf6 5. Qe2 a6 6. Ba4 e5 7. d4 b5 8. Bc2 Be7 9. 0-0 0-0 10. a4 Rb8 11. axb5 axb5 12. Rd1 Qb6 13. Nbd2 Bb7 14. b4 c4 15. Nf1 Ra8 16. Bg5 h6 17. Bh4 Rxa1 18. Rxa1 Ra8 19. Rxa8+ Bxa8 20. Ne3 Bf8 21. d5 Qa7 22. Qe1 Bb7 23. g4 Bc8 24. Kg2 g6 25. Qc1 Bg7 26. h3 Nf8 27. Bg3 N8h7 28. Qb2 Bf8 29. Nf1 Be7 30. Qc1 Qa2 31. Qb1 Qa3 32. Qe1 Qb2 33. Bd1 Qc1 34. Qd2 Qa1 35. Bc2 h5 36. N3h2 hxg4 37. hxg4 Nxg4 38. Nxg4 Bxg4 39. Nh2 Bg5 40. f4 exf4 41. Bxf4 Bxf4 42. Qxf4 Qxc3 43. Nxg4 Qxc2+ 44. Nf2 c3 45. Qxd6 Qd2 0-1